000 00725nam a2200217Ia 4500
001 21756
005 20260407123946.0
008 260320s9999||||xx |||||||||||||| ||und||
041 _aESP
082 _a358.410985
_bCH532
100 _aChávez Cateriano, Carlos Enrique,
_eAUT
245 0 _aMirage 2000P, 40 años en el Perú
250 _aPrimera edición
260 _aArequipa :
_bFuerza Aérea del Perú,
_c2025
300 _a179 páginas :
_bilustraciones ;
_c25 cm.
650 _aCIS
653 _aFuerzas y combate aéreo, Perú; Aviones militares
654 _aCHU
856 _uhttps://research-ebsco-com.ucsp.lookproxy.com/c/qxo6us/search
_zVéase además: Base de datos EBSCOhost
942 _cLIB
_dJUS
_fMIP
_2ddc
999 _c21756
_d21756